Normal view MARC view
  • Li, Jianping

Entry Personal Name

Number of records used in: 1

001 - CONTROL NUMBER

  • control field: 97144

003 - CONTROL NUMBER IDENTIFIER

  • control field: NUST

005 - DATE AND TIME OF LATEST TRANSACTION

  • control field: 20220815111647.0

008 - FIXED-LENGTH DATA ELEMENTS

  • fixed length control field: 220815|| aca||aabn | a|a d

040 ## - CATALOGING SOURCE

  • Original cataloging agency: NUST
  • Transcribing agency: NUST

100 ## - HEADING--PERSONAL NAME

  • Personal name: Li, Jianping
  • Titles and other words associated with a name: (Meteorology professor)

670 ## - SOURCE DATA FOUND

  • Source citation: Work cat.: (NUST)0: Zhang, Zhihua, 1979- author. 97142, Big data mining for climate change /
© 2023 Central Library, National University of Sciences and Technology. All Rights Reserved.